LEADER 01293nam0M2200397 I450 001 990000588370203316 005 20010711000000.0 010 $a88-8084-010-X 035 $a0058837 035 $aUSA010058837 035 $a(ALEPH)000058837USA01 035 $a0058837 100 $aJul-19,-d1997----km-y1itay0103----ba 101 $aita 102 $aIT 200 1 $aFarmaci in psichiatria$epocket handbook$fHarold I. Kaplan, Benjamin J. Sadock$gedizione italiana a cura di Adriano Chio 210 $aTorino$cCentro scientifico internazionale$d[1997] 215 $aX, 270 p.$d21 cm. 300 $a2. ed. americana 312 $aPocket handbook of psychiatric drug treatment. 454 1$12001$aPocket handbook of psychiatric drug treatment.$928011 606 $aPsicofarmaci 676 $a615.78 700 1$aKAPLAN,$bHarold I.$0161145 701 1$aSADOCK,$bBenjamin J.$0161146 702 1$aCHIO,$bAdriano 801 0$aIT$bICCU$c20010717 912 $a990000588370203316 951 $a615.78 KAP$b2706 Farm.$c615$d00074228 959 $aBK 969 $aTEC 979 $aJOHNNY$b90$c20010821$lUSA01$h1206 979 $c20020403$lUSA01$h1708 979 $aPATRY$b90$c20040406$lUSA01$h1641 996 $aPocket handbook of psychiatric drug treatment$928011 997 $aUNISA LEADER 00971nam0-22003131i-450- 001 990004764040403321 005 20101116115505.0 035 $a000476404 035 $aFED01000476404 035 $a(Aleph)000476404FED01 035 $a000476404 100 $a19990604g19129999km-y0itay50------ba 101 0 $ager 102 $aDE 105 $ay-------001yy 200 1 $a<>Schlingen- und Netzmotiv im Glauben und Brauch der Völker$fvon Isidor Scheftelowitz 210 $aGiessen$cA. Töpelmann$d1912 215 $a64 p.$d23 cm 225 1 $aReligionsgeschichtliche Versuche und Vorarbeiten$v12.2 610 0 $aCulto pubblico$aRiti e cerimonie 676 $a203.8 700 1$aScheftelowitz,$bIsidor$0182386 801 0$aIT$bUNINA$gRICA$2UNIMARC 901 $aBK 912 $a990004764040403321 952 $a203.8 SCH 1$bBibl. 24448$fFLFBC 959 $aFLFBC 996 $aSchlingen- und Netzmotiv im Glauben und Brauch der Völker$9560168 997 $aUNINA LEADER 00934cam0-22003251i-450- 001 990007825130403321 005 20070906123338.0 010 $a0-470-84337-3 035 $a000782513 035 $aFED01000782513 035 $a(Aleph)000782513FED01 035 $a000782513 100 $a20030915d--------km-y0itay50------ba 101 0 $aeng 102 $aGB 105 $aa-------001yy 200 1 $aGraphical models$emethods for data analysis and mining$fChristian Borgelt and Rudolf Kruse 210 $aNew York$cJohn Wiley & Sons$d©2002 215 $a358 p.$cill.$d24 cm 610 0 $aStatistica$aMetodi grafici 676 $a001.4226$v21$zita 700 1$aBorgelt,$bChristian$0280169 701 1$aKruse,$bRudolf$0102093 801 0$aIT$bUNINA$gRICA$2UNIMARC 901 $aBK 912 $a990007825130403321 952 $aVI E 1066$b40139$fFSPBC 959 $aFSPBC 996 $aGraphical models$9663195 997 $aUNINA